Loading...

Rangmanch aur swadheenta andolan /

Bibliographic Details
Main Author: Vijay Pandit
Format: Printed Book
Language:Hindi
Published: New Delhi: Vani prakasan, 1998.
Subjects:
LEADER 00631cam a2200205ua 4500
008 060815t1998||||||||||| 00 ||hin c
020 |a 81-7055-603-1 
041 0 |a hin 
082 |a H891.432 09  |b VIJ/R 
100 0 |a Vijay Pandit,  
245 0 0 |a Rangmanch aur swadheenta andolan /  
260 |a New Delhi:  |b Vani prakasan,  |c 1998. 
300 |a 117p.. 
362 1 |a 1998. 
365 |a Rs.100/.  |e hb 
504 |a . 
650 0 |a Hindi Drama- criticism 
942 |c BK 
999 |c 6336  |d 6336 
952 |0 0  |1 0  |4 0  |6 H_891_432000000000000_09_VIJ  |7 0  |9 6661  |a KUCL  |b KUCL  |d 2014-05-23  |l 2  |m 1  |o H891.432 09 VIJ/  |p 11520  |r 2018-06-16  |s 2018-04-20  |w 2014-05-23  |y BK